[Event "XII Americas Continental-ch 2017"]
[Site "Medellin"]
[Date "2017.06.18"]
[Round "11"]
[White "Kaidanov, Gregory S"]
[Black "Umetsubo, Cesar Hidemitsu"]
[Result "1-0"]
[WhiteElo "2550"]
[BlackElo "2381"]
[Annotator "TA"]
[PlyCount "59"]
[EventDate "2017.??.??"]
[EventType "swiss"]
[EventCountry "COL"]
[SourceTitle "playchess.com"]
[Source "ChessBase"]
[SourceQuality "1"]

{[%evp 18,59,15,10,0,0,0,0,17,10,57,56,0,43,47,41,39,22,29,16,242,230,204,221,235,191,172,173,177,170,153,126,352,340,350,346,343,333,325,319,367,357,730,255]} 1. Nf3 c5 2. c4 Nf6 3. Nc3 e6 4. e3 d5 5. d4 Nc6 6. cxd5 exd5 7. Bb5 cxd4 8. Nxd4 Bd7 9. O-O Bd6 {D32: Tarrasch Defence: Sidelines and lines without g3} 10. Be2 {LiveBook: 7 Games} O-O 11. Ndb5 Be5 {The position is equal.} (11... Bf5 12. Nxd6 Qxd6 13. Nb5 Qe5 14. Nd4 Nxd4 15. exd4 Qd6 16. Qb3 Rfe8 17. Be3 {½-½ (40) Jakovenko,D (2742)-Dominguez Perez,L (2729) Sochi 2015}) 12. Nxd5 Be6 $146 ({Predecessor:} 12... Nxd5 13. Qxd5 Be6 14. Qc5 Qa5 15. Qc2 Rfd8 16. Nc3 Nb4 17. Qb1 Rac8 18. a3 Nd5 19. Bd2 Nxc3 20. Bxc3 Bxc3 21. bxc3 Rxc3 22. Qxb7 {½-½ (22) Baumegger,S (2434)-Hoelzl,F (2353) Tweng 2007}) 13. Nf4 Qb8 14. Nxe6 Bxh2+ 15. Kh1 fxe6 16. f4 Bg3 17. Bc4 $36 {[%mdl 2048] Threatens to win with Qf3. Black is under pressure.} Qe8 $1 {aiming for ...Ne4.} 18. Nc7 Qg6 $2 (18... Qe7 $1 $11 {and Black is okay.} 19. Nxa8 Na5) 19. Bxe6+ $18 Kh8 {Hoping for ...Rad8.} 20. Nxa8 Rxa8 21. Bh3 Rd8 {[#]} 22. Qf3 $1 Ne4 {intending ...Nb4.} 23. f5 Qe8 24. f6 gxf6 $2 (24... Qg6 $16 {was worth a try.}) 25. Bf5 Ne5 26. Qxe4 Rd1 {[%cal Rd1f1]} 27. Bd2 $1 Rxd2 28. Qxb7 {[%csl Gf5][%cal Rb7h7]} Qh5+ 29. Bh3 Nd3 $2 (29... Qf7 30. Qxf7 Nxf7 31. Rxf6 Ng5 32. Rf8+ Kg7) 30. Qc8+ $2 {Precision: White = 88%, Black = 31%.} (30. Qe7 {[%cal Re7f8]} Qg6 {[#]} 31. Rac1 $1 {[%mdl 512]} Nxc1 32. Rxc1) 1-0

[Event "XII Americas Continental-ch 2017"]
[Site "Medellin"]
[Date "2017.06.18"]
[Round "11"]
[White "Morovic Fernandez, Ivan"]
[Black "Alzate, Dario"]
[Result "1-0"]
[WhiteElo "2537"]
[BlackElo "2362"]
[Annotator "TA"]
[PlyCount "75"]
[EventDate "2017.??.??"]
[EventType "swiss"]
[EventCountry "COL"]
[SourceTitle "playchess.com"]
[Source "ChessBase"]
[SourceQuality "1"]

{[%evp 30,75,62,0,27,27,37,37,37,39,105,99,88,89,102,100,223,227,291,285,281,284,287,276,412,370,623,621,650,649,650,652,640,635,625,623,706,704,725,716,670,680,1518,1280,2527,2337,29985,29986]} 1. e4 e5 2. Nf3 Nc6 3. Bb5 a6 4. Ba4 Nf6 5. O-O Be7 6. Re1 b5 7. Bb3 O-O 8. c3 d6 9. h3 Na5 10. Bc2 c5 11. d4 Qc7 12. Nbd2 Bd7 13. Nf1 cxd4 14. cxd4 Rac8 15. Ne3 Nc6 16. Bb3 (16. d5 $1 $14 Nb4 17. Bb1) 16... Na5 {C99: Closed Ruy Lopez: Chigorin Defence: 11 d4 Qc7 12 Nbd2 cxd4} 17. Nd5 Nxd5 18. Bxd5 Bc6 {White is slightly better.} (18... exd4 19. b3 Nc6 20. Bb2 Bf6 21. Rc1 Qd8 22. Bxc6 Rxc6 23. Bxd4 Re8 24. Qd3 Bxd4 25. Qxd4 {1-0 (51) Bologan,V (2689)-Howell,D (2614) Kallithea 2009}) 19. b3 exd4 $146 (19... Bxd5 $14 20. exd5 f6) ({Predecessor:} 19... Bxd5 20. exd5 f6 21. Bd2 Nb7 22. Qe2 Qd7 23. a4 Rc2 24. axb5 axb5 {1-0 (55) Shyam,S (2424)-Thakur,A (2308) Mumbai 2009}) 20. Nxd4 $16 Bxd5 21. exd5 Bf6 22. Be3 Qb7 {[#]} (22... Nb7 $16) 23. Nf5 $1 $18 {[%cal Rf5d6]} Bxa1 24. Qxa1 {[%csl Gf5][%cal Ra1g7]} (24. Nxd6 Qc7 $11) 24... f6 {With the idea ...Qd7.} 25. Bd2 ({Not} 25. Nxd6 Qxd5 26. Rd1 (26. Nxc8 Rxc8 27. Rd1 Qe4 $14) 26... Qe5 $14) 25... b4 26. Qd4 (26. Nxd6 Qxd5 27. Nxc8 Qxd2 $16) 26... Rc7 (26... Qd7 $142) 27. Nxd6 Qa8 $2 (27... Qb8 28. Nf5 (28. Bxb4 Nc4 $18) 28... Rb7) 28. Bxb4 Rd7 29. Nf5 Nc6 30. Qg4 ({Stronger than} 30. dxc6 Rxd4 31. Nxd4 Rc8 $15) 30... Nxb4 31. Ne7+ ({Weaker is} 31. Qxb4 Qb8 $16) 31... Kh8 {[#] And now ...Qb7 would win.} 32. Qxd7 Rd8 33. Qe6 Nd3 34. Re4 {Intending Ng6+! and mate.} Ne5 35. f4 Nd7 {intending ...Nc5.} 36. Nc6 Nc5 37. Qe7 Nxe4 38. Nxd8 {Precision: White = 100%, Black = 18%.} 1-0

[Event "XII Americas Continental-ch 2017"]
[Site "Medellin"]
[Date "2017.06.18"]
[Round "11"]
[White "Vera Siguenas, Deivy"]
[Black "Prasca Sosa, Rafael Felipe"]
[Result "1-0"]
[WhiteElo "2526"]
[BlackElo "2400"]
[Annotator "TA"]
[PlyCount "69"]
[EventDate "2017.??.??"]
[EventType "swiss"]
[EventCountry "COL"]
[SourceTitle "playchess.com"]
[Source "ChessBase"]
[SourceQuality "1"]

{[%evp 16,69,14,16,63,58,74,73,68,64,63,63,79,73,69,73,79,58,75,75,76,81,77,76,89,49,87,74,107,95,111,64,73,74,77,86,87,82,118,104,108,66,155,151,140,141,152,-40,1055,989,29987,29988,29991,29992,29996,29997]} 1. e4 c5 2. Nf3 e6 3. d4 cxd4 4. Nxd4 Nc6 5. Nc3 {[%cal Bb1c3,Bc3a4,Ba4c5][%mdl 32]} Qc7 6. g3 a6 7. Bg2 Nf6 8. O-O Bc5 9. Nxc6 bxc6 {B47: Sicilian: Taimanov: 5 Nc3 Qc7 6 f4, 6 g3 and 6 Be2} (9... dxc6 10. Na4 Ba7 11. c4 e5 12. c5 Be6 13. Qc2 Rd8 14. Be3 Ng4 15. Bg5 Rd4 16. b3 f6 17. Bc1 h5 18. h3 {½-½ (71) Demchenko,A (2639)-Vitiugov,N (2734) Ekaterinburg 2013}) 10. Na4 Ba7 11. c4 d6 {White is better.} 12. c5 dxc5 13. Be3 O-O 14. Bxc5 Bxc5 15. Nxc5 e5 $146 ({Predecessor:} 15... Nd7 16. Rc1 Rb8 17. b3 {0-1 (39) Enders,P (2443)-Zwanzger,J (2353) Germany 2006}) 16. Rc1 Rd8 17. Qc2 Bg4 18. h3 Bh5 19. Qc3 a5 20. Rfe1 {[%cal Bf1e1,Be1e3,Be3d3,Bd3d6,Bd6d7][%mdl 32]} Re8 21. Re3 Bg6 22. Rd3 h5 23. Rcd1 h4 24. g4 Qb6 25. a3 a4 26. Rd6 Qb5 27. Bf1 Qb8 28. Bc4 {And now Qf3 would win.} Nxe4 (28... Kh7 $1 $14) 29. Nxe4 $16 Bxe4 30. Rd7 $36 {[%mdl 2048] Black is under strong pressure.} Bg6 {[#]} 31. R1d6 $2 (31. Qe3 $1 $16 {[%cal Re3g5]} e4 32. R7d6) 31... Kh7 $2 {[%mdl 8192]} (31... Ra7 $15) 32. Qd2 $18 {White wants to mate with Rxg6!} Ra7 {[#]} 33. Rxg6 $1 {[%mdl 512] White mates.} Rxd7 {[#]} (33... fxg6 34. Qg5) 34. Qg5 $1 {[%mdl 512]} Rd6 35. Bxf7 {Precision: White = 72%, Black = 21%.} 1-0

[Event "XII Americas Continental-ch 2017"]
[Site "Medellin"]
[Date "2017.06.18"]
[Round "11"]
[White "Hungaski, Robert Andrew"]
[Black "Ynojosa Aponte, Felix Jose"]
[Result "1-0"]
[WhiteElo "2492"]
[BlackElo "2395"]
[Annotator "TA"]
[PlyCount "77"]
[EventDate "2017.??.??"]
[EventType "swiss"]
[EventCountry "COL"]
[SourceTitle "playchess.com"]
[Source "ChessBase"]
[SourceQuality "1"]

{[%evp 10,77,22,18,33,38,29,18,14,10,34,27,22,26,28,25,50,41,46,33,57,44,52,37,65,61,62,66,70,62,84,79,111,70,93,66,79,73,62,75,64,28,76,56,210,184,215,171,239,212,335,341,322,237,403,390,375,393,389,393,29986,29987,29988,29989,29988,1505,29990,29991,29994,29995]} 1. Nf3 c5 2. c4 Nc6 3. Nc3 e5 4. g3 Nf6 5. Bg2 Be7 (5... d6 6. O-O Be7 7. e3 O-O 8. d4 cxd4 9. exd4 Bg4 10. Ne2 e4 11. Nd2 Nxd4 12. f3 exf3 13. Nxf3 Nxf3+ 14. Bxf3 Bxf3 15. Rxf3 Rc8 {0-1 (33) Ruck,R (2561)-Saric,I (2652) Tallinn 2016}) 6. d3 {LiveBook: 4 Games. A34: Symmetrical English: 2 Nc3, lines with ...d5} h6 7. Nd2 d6 8. a3 {White has an edge.} O-O 9. Rb1 a5 10. O-O Bg4 11. h3 $146 ({Predecessor:} 11. b3 Qd7 12. Nde4 Rab8 13. Nxf6+ Bxf6 14. Qd2 h5 15. f3 Be6 16. Qe1 {½-½ (47) Tseng,W (2399)-Pecka,J (2398) ICCF email 2013}) 11... Bh5 12. Qa4 Qc8 13. e3 Nd7 14. Nd5 $36 {[%mdl 2048] White has some pressure.} Bd8 {Black wants to play ...Be2.} 15. Qc2 f5 16. f4 Nf6 17. b3 Bf7 18. Bb2 Rb8 19. Kh2 Be6 20. Rbe1 b5 21. Ba1 Kh8 22. Qd1 a4 23. bxa4 bxc4 24. dxc4 e4 25. Nc3 (25. g4 $5) 25... Qa6 26. Nb5 Ra8 $2 {[#]} (26... Na5 $14) 27. g4 $1 $18 {[%cal Rg4f5] gxf5 is the strong threat.} (27. Nxd6 Na5 $14) 27... fxg4 28. Nxe4 ({Stronger than} 28. Nxd6 gxh3 29. Bxh3 Bxh3 $14) 28... Bxc4 (28... gxh3 $142 29. Bf3 (29. Qxd6 hxg2 30. Rg1 Bg8 $17) 29... Bxc4) 29. Rg1 {Hoping for Nxf6.} g3+ (29... gxh3 {was necessary.} 30. Bxh3 Qxa4) 30. Nxg3 d5 31. Nd6 Ne7 $2 (31... Ra7 32. Nxc4 Qxc4) 32. Nxc4 Qxc4 33. Nh5 Qxa4 {[#]} 34. Nxg7 $1 {[%mdl 512]} Kxg7 $2 (34... Qxd1 $18 35. Rxd1 Kh7) 35. Bxd5+ Kh7 36. Qd3+ Kh8 37. Bxa8 (37. Rg6 $142 Qd4 38. exd4 Neg8 39. dxc5 Rxa3 40. Qxa3 Kh7 {[#]} 41. Rg7+ $3 {[%mdl 512]} Kh8 42. Qg3 Ng4+ 43. Rxg4+ Nf6 44. Rg8+ Rxg8 45. Qxg8#) 37... Qxa8 38. Qd6 Qc6 39. Bxf6+ {Precision: White = 84%, Black = 39%.} 1-0

[Event "XII Americas Continental-ch 2017"]
[Site "Medellin"]
[Date "2017.06.18"]
[Round "11"]
[White "Tang, Andrew"]
[Black "Valenzuela Gomez, Fernando"]
[Result "1-0"]
[WhiteElo "2461"]
[BlackElo "2377"]
[Annotator "TA"]
[PlyCount "99"]
[EventDate "2017.??.??"]
[EventType "swiss"]
[EventCountry "COL"]
[SourceTitle "playchess.com"]
[Source "ChessBase"]
[SourceQuality "1"]

{[%evp 16,99,43,42,58,16,33,22,32,32,26,0,0,-8,76,74,78,68,55,0,0,0,0,0,0,0,0,0,0,0,0,0,0,0,0,0,39,22,41,48,29,42,25,48,27,41,68,0,8,8,35,46,32,23,65,51,152,145,152,152,154,152,197,199,193,158,158,158,158,167,160,160,29982,29983,29983,29984,29984,29981,29981,29982,29982,29983,29979,29978,29975,583]} 1. d4 Nf6 2. c4 g6 3. f3 Bg7 4. e4 d6 5. Nc3 O-O 6. Nge2 Nc6 7. Be3 a6 8. Rb1 Bd7 {E83: King's Indian: Sämisch Panno (6...Nc6): Lines without either Nge2 or Qd2} 9. Qd2 {LiveBook: 4 Games} e6 $146 ({Predecessor:} 9... b5 10. cxb5 axb5 11. b4 Qb8 12. d5 Ne5 13. Nd4 c6 14. dxc6 Nxc6 15. Ndxb5 Rc8 16. Be2 Ne5 {0-1 (56) Sethuraman,S (2640)-Guseinov,G (2634) Berlin 2015}) 10. g4 h5 {The position is equal.} 11. g5 Nh7 12. h4 f6 13. Bg2 fxg5 14. hxg5 b5 (14... e5 $11) 15. cxb5 $16 axb5 16. Nxb5 e5 17. dxe5 ({Better is} 17. d5 $1 $14 Na5 18. Na3) 17... Nxe5 $11 18. f4 $1 {[%cal Rf4e5]} Bxb5 19. Qd5+ Kh8 20. Qxb5 Rb8 21. Qd5 c6 $1 {[%cal Rc6d5]} 22. Qd1 Qa5+ 23. b4 Rxb4 24. O-O Ng4 25. Rxb4 Nxe3 26. Qa4 $1 {[%cal Ra4a5]} Qc5 {[#] White must now prevent ...Nc2+.} 27. Rc1 Nc2+ $1 28. Kh1 Qxb4 29. Qxc2 Qb6 30. Rf1 $36 {[%mdl 2048] And now e5 would win. White is more active.} ({Inferior is} 30. Qxc6 Qf2 $17) 30... Nxg5 31. Qd3 (31. e5 $14 Qe3 32. fxg5 Rxf1+ 33. Bxf1) 31... Nf7 32. e5 Nxe5 33. fxe5 {aiming for Rxf8+.} Rxf1+ 34. Bxf1 {Nf4 is the strong threat.} Qf2 35. Ng1 $1 {[%cal Rg1h3] Strongly threatening Nh3.} dxe5 (35... Bxe5 $14 36. Nf3 Kg7) 36. Bg2 $16 Qxa2 37. Qxg6 Qf2 38. Nf3 ({Don't do} 38. Qxc6 Qh4+ 39. Nh3 Bf6) (38. Qxh5+ Kg8 $18) 38... Kg8 39. Qe6+ (39. Qxh5 Qe3 $18) 39... Kf8 40. Qf5+ ({Don't play} 40. Qxc6 Qg3 $18) 40... Ke7 41. Bh3 {White threatens Qe6+ and mate.} Qe3 42. Qd7+ Kf8 43. Qd6+ Kg8 $2 {[#]} (43... Kf7 $16) 44. Be6+ {White mates.} Kh7 45. Bf5+ Kg8 46. Qe6+ Kf8 47. Qc8+ Kf7 48. Qd7+ Kf8 49. Qd8+ Kf7 50. Ng5+ {Precision: White = 75%, Black = 56%.} 1-0

[Event "XII Americas Continental-ch 2017"]
[Site "Medellin"]
[Date "2017.06.18"]
[Round "11"]
[White "Valderrama Quiceno, Esteban Alb"]
[Black "Garcia Pantoja, Roberto"]
[Result "1/2-1/2"]
[WhiteElo "2413"]
[BlackElo "2500"]
[Annotator "TA"]
[PlyCount "88"]
[EventDate "2017.??.??"]
[EventType "swiss"]
[EventCountry "COL"]
[SourceTitle "playchess.com"]
[Source "ChessBase"]
[SourceQuality "1"]

{[%evp 13,88,22,27,33,17,0,12,-6,14,-10,-3,-23,-7,-10,6,5,13,-17,5,5,5,5,5,0,20,11,7,10,25,0,0,0,0,1,12,2,2,0,0,0,15,0,0,0,0,0,0,0,0,0,0,0,0,0,0,0,0,0,0,0,0,0,0,0,0,0,0,0,0,0,0,0,0,0,0,0,0]} 1. Nf3 d5 2. g3 Nf6 3. Bg2 e6 4. O-O Be7 5. c4 O-O 6. d4 dxc4 7. Ne5 Qd6 8. Nxc4 {E05: Open Catalan: 5 Nf3 Be7} (8. Na3 Nbd7 9. Naxc4 Qa6 10. b3 Nd5 11. Bb2 Rd8 12. Qc2 Nb4 13. Qe4 Rb8 14. a3 Nd5 15. Qc2 N5b6 {1-0 (36) Khismatullin,D (2609)-Alekseenko,K (2570) Sochi 2016}) 8... Qa6 9. Qb3 Nc6 10. e3 b5 11. Nca3 Rb8 12. Bd2 $146 ({Predecessor:} 12. Qc2 Bb7 13. Bd2 Rfc8 14. Rc1 Nd8 15. Bf1 Ba8 {0-1 (30) Zwaneveld,A (1838)-Dibley,E (2026) IECG email 2002}) 12... Bd7 13. Rc1 Rfc8 14. Qd3 Qb6 15. Be1 Nb4 16. Bxb4 Bxb4 17. Nc2 Bd6 18. b4 e5 19. Nd2 exd4 20. exd4 Bc6 21. Bxc6 Qxc6 {The position is equal.} 22. a3 Re8 23. Ne3 Qd7 24. Kg2 g6 25. Qc2 Ra8 26. Nb3 Ng4 27. Re1 Nxe3+ 28. fxe3 f5 29. Na5 a6 30. Rac1 Re4 31. Qc6 Qxc6 32. Rxc6 Rae8 33. Nb7 Rxe3 34. Rxe3 Rxe3 35. Nxd6 cxd6 36. Rxa6 $11 {[%mdl 4096] Endgame KR-KR} Kf7 37. Rxd6 Rxa3 38. Rb6 Rd3 39. Rxb5 Rd2+ 40. Kg1 Kf6 41. Rb7 h5 42. Rb6+ Kf7 43. Rb7+ Ke6 44. Rb6+ Kf7 {Precision: White = 75%, Black = 74%.} 1/2-1/2

[Event "XII Americas Continental-ch 2017"]
[Site "Medellin"]
[Date "2017.06.18"]
[Round "11"]
[White "Valdes Romero, Leonardo"]
[Black "Ortiz Suarez, Isan Reynaldo"]
[Result "1/2-1/2"]
[WhiteElo "2407"]
[BlackElo "2570"]
[Annotator "TA"]
[PlyCount "41"]
[EventDate "2017.??.??"]
[EventType "swiss"]
[EventCountry "COL"]
[SourceTitle "playchess.com"]
[Source "ChessBase"]
[SourceQuality "1"]

{[%evp 17,20,25,38,31,30]} 1. Nf3 Nf6 2. g3 b6 3. Bg2 Bb7 4. O-O c5 5. c4 g6 6. Nc3 Bg7 7. d4 cxd4 8. Qxd4 O-O 9. Qh4 d6 10. Rd1 {A30: Symmetrical English: Double Fianchetto and Hedgehog} (10. Bh6 Nbd7 11. Rfd1 Rc8 12. b3 Rc5 13. Ng5 Bxg2 14. Kxg2 Re8 15. Bxg7 Kxg7 16. Nge4 Qa8 {½-½ (16) So,W (2674)-Svidler,P (2734) Amsterdam 2010}) 10... Nbd7 {Predecessor:} 11. Bh6 $146 Re8 12. Bxg7 Kxg7 13. Rac1 Rc8 14. b3 Rc5 15. Qd4 Qa8 16. h3 Rec8 17. Qe3 Ne5 18. Ne1 Bxg2 19. Nxg2 Qb7 20. Nf4 a6 21. a4 {0-1 (34) Haria,R (2382)-Hjartarson,J (2540) chess.com INT 2017} 1/2-1/2

[Event "XII Americas Continental-ch 2017"]
[Site "Medellin"]
[Date "2017.06.18"]
[Round "11"]
[White "Fernandez Reyes, Lisandro"]
[Black "Arenas, David"]
[Result "1/2-1/2"]
[WhiteElo "2402"]
[BlackElo "2488"]
[Annotator "TA"]
[PlyCount "91"]
[EventDate "2017.??.??"]
[EventType "swiss"]
[EventCountry "COL"]
[SourceTitle "playchess.com"]
[Source "ChessBase"]
[SourceQuality "1"]

{[%evp 10,91,45,50,51,55,66,35,41,32,34,24,20,21,54,54,54,52,53,43,43,47,54,33,35,17,47,8,52,47,93,68,95,95,89,89,83,86,99,9,9,9,13,16,49,0,16,16,16,16,18,5,9,12,57,67,59,0,0,0,0,0,0,0,0,0,0,0,0,-8,0,-8,0,-8,0,0,0,-8,-8,-12,0,-533,0,-119]} 1. d4 g6 2. c4 Bg7 3. Nc3 d6 4. e4 e5 5. d5 Nd7 6. Bd3 Nc5 {A42: Modern Defence: Averbakh Variation} 7. Bc2 a5 8. h3 Ne7 {White is slightly better.} 9. Be3 $146 ({Predecessor:} 9. Nge2 f5 10. exf5 Nxf5 11. O-O O-O 12. Ne4 Nxe4 13. Bxe4 Qh4 14. Qd3 {½-½ (44) Parkhov,Y (2162)-Kobo,O (2497) Kiryat Ono 2016}) 9... b6 10. Nf3 O-O 11. g4 f5 12. gxf5 gxf5 13. Rg1 f4 14. Bxc5 $1 bxc5 15. Ba4 Rf6 16. h4 Rg6 17. Kd2 Rb8 18. b3 (18. h5 $5 {[%cal Rh5g6]} Rh6 19. Kc2 $15) 18... Bf6 19. Ng5 (19. h5 $5 {[%cal Rh5g6]} Rxg1 20. Qxg1+ Kh8 21. Qh1 $14) 19... Bxg5 20. hxg5 Rg7 21. Qh5 Ng6 22. f3 Bd7 23. Bxd7 Qxd7 24. Qg4 (24. Rh1 $16) 24... Qxg4 $11 25. Rxg4 Kf7 26. Nb5 Ke8 27. a3 Ra8 28. Kc3 Kd7 29. Rh1 Rag8 30. b4 axb4+ 31. axb4 Nh8 32. bxc5 dxc5 33. Rgh4 ({White should try} 33. Na7 $14) 33... Nf7 34. Ra1 Nxg5 35. Ra7 Rc8 36. Rh6 Rg6 37. Rxg6 hxg6 {[%mdl 4096] Endgame KRN-KRN} 38. Ra6 Nxf3 {Hoping for ...g5.} 39. Rxg6 {[#] Black must now prevent Rg7+.} Re8 40. Rc6 Rc8 41. Rg6 {And now Rg7+ would win.} Re8 42. Rc6 Rc8 43. Rxc5 Ng5 44. Kd3 Nf7 (44... f3 $5 45. Rc6 $8 Rf8 46. Rxc7+ Kd8 $11) 45. Kc3 $2 {[%mdl 8192] [#]} (45. Rc6 $11) 45... Ng5 $2 (45... f3 $1 $19 {[%cal Rf3f2]} 46. Rc6 Nd6 47. Nxd6 f2 48. Nxc8 f1=Q) 46. Rc6 {Precision: White = 55%, Black = 58%.} (46. Kd3 $11 {was the only way to keep the balance.}) 1/2-1/2

[Event "XII Americas Continental-ch 2017"]
[Site "Medellin"]
[Date "2017.06.18"]
[Round "11"]
[White "Garcia, Gildardo"]
[Black "Vasquez Schroeder, Rodrigo"]
[Result "0-1"]
[WhiteElo "2396"]
[BlackElo "2553"]
[Annotator "TA"]
[PlyCount "56"]
[EventDate "2017.??.??"]
[EventType "swiss"]
[EventCountry "COL"]
[SourceTitle "playchess.com"]
[Source "ChessBase"]
[SourceQuality "1"]

{[%evp 23,56,26,29,-37,-5,-24,-35,-25,-34,-79,-67,-65,0,0,0,-14,0,-8,0,0,0,0,0,-212,-229,-251,-218,-256,-166,-211,-209,-723,-714,-689,-726]} 1. e4 c5 2. Nf3 d6 3. d4 cxd4 4. Nxd4 Nf6 5. Nc3 a6 6. Bg5 e6 7. f4 Nbd7 8. Qf3 Qc7 9. O-O-O b5 10. Bd3 Bb7 11. Rhe1 Qb6 12. Bxf6 Nxf6 {LiveBook: 8 Games} 13. g4 {B96: Sicilian Najdorf: 6 Bg5 e6 7 f4, lines other than 7...Qb6 and 7...Be7} ({White should try} 13. f5 $11) (13. f5 b4 14. Nce2 e5 15. Nb3 h5 16. Kb1 Be7 17. Nd2 Rc8 18. Nc4 Rxc4 19. Bxc4 Bxe4 20. Qb3 O-O {½-½ (39) Jakovenko,D (2735)-Gelfand,B (2731) Ashdod 2015}) 13... O-O-O {[#]} (13... Nd7 $5 {[%cal Rb6d4]} 14. Nce2 g6 $15) 14. g5 $146 {[%cal Rd3b5]} ({Predecessor:} 14. Nb3 d5 15. g5 dxe4 16. Bxe4 Rxd1+ 17. Rxd1 Nxe4 18. Nxe4 Bd5 19. Qd3 Qc7 20. Qe3 Be7 {0-1 (45) Li,S (2552)-Xiu,D (2289) Shandong 2007}) 14... Qxd4 15. gxf6 {Black is slightly better.} Qxf6 16. a4 {[#]} b4 $1 {[%cal Rb4c3]} 17. Ne2 g6 (17... g5 $15 18. Bxa6 Bxa6) 18. Qe3 $11 {And now Qa7 would win.} Bg7 19. c3 bxc3 20. bxc3 {aiming for Qa7.} Rd7 $36 {[%mdl 2048] Black has some pressure.} 21. Qa7 {[#]} Bxe4 $1 {[%mdl 512]} 22. Bxa6+ (22. Bxe4 Rxa7) 22... Kd8 23. Qb6+ $2 (23. Qe3 $1 $11 {and White has nothing to worry.} Bd5 24. a5) 23... Ke7 $19 24. Rd4 Qf5 25. Rc4 Ra8 26. Bc8 Qd5 27. Qb5 $2 (27. Rc7 Rxc8 28. Rxc8) 27... Rda7 {Hoping for ...Qxb5.} 28. Ba6 Qd3 {Precision: White = 29%, Black = 53%.} 0-1

[Event "XII Americas Continental-ch 2017"]
[Site "Medellin"]
[Date "2017.06.18"]
[Round "11"]
[White "Mendoza, Rafael"]
[Black "Shabalov, Alexander"]
[Result "1/2-1/2"]
[WhiteElo "2293"]
[BlackElo "2556"]
[Annotator "TA"]
[PlyCount "86"]
[EventDate "2017.??.??"]
[EventType "swiss"]
[EventCountry "COL"]
[SourceTitle "playchess.com"]
[Source "ChessBase"]
[SourceQuality "1"]

{[%evp 22,86,6,8,4,8,8,4,26,4,9,8,12,0,20,16,14,24,18,4,4,4,8,8,16,10,18,22,15,13,9,13,9,8,10,10,17,0,14,0,60,60,54,16,16,16,16,16,18,7,21,2,12,9,38,17,39,12,12,13,15,0,0,0,0,0,0]} 1. e4 c5 2. Nf3 d6 3. d4 cxd4 4. Nxd4 Nf6 5. Nc3 g6 6. g3 Nc6 7. Bg2 Nxd4 8. Qxd4 Bg7 9. h3 O-O 10. Qd1 Be6 11. O-O Rc8 {B70: Sicilian Dragon: 6 g3 and 6 Be2 (without a later Be3)} 12. Nd5 {LiveBook: 3 Games} b5 13. c3 {[#]} a5 $146 ({Predecessor:} 13... Nxd5 14. exd5 {½-½ (14) Sax,G (2506)-Balogh,C (2624) Nyiregyhaza 2008}) 14. Re1 Nd7 15. Qe2 Rb8 16. Bg5 Re8 17. Rad1 b4 18. cxb4 axb4 19. b3 Kf8 20. Rc1 Qa5 21. Be3 Bxd5 22. exd5 Bc3 23. Red1 Nf6 24. Rc2 Rbc8 25. Qd3 Rc7 26. Rdc1 Rec8 27. Kh2 Nd7 28. Qe2 Nf6 29. Qd3 h5 30. Kg1 Be5 (30... Ra8 $11) 31. Rxc7 $14 Rxc7 32. Rxc7 (32. Rc6 {keeps more tension.} Rb7 33. Rc8+ Kg7 34. Qc4 Qb5 35. Qc6) 32... Qxc7 33. Qc4 Qxc4 34. bxc4 $11 {[%mdl 4096] Endgame KBB-KBN} Nd7 35. Kf1 Bc3 36. f4 Ke8 37. Ke2 Kd8 38. Bf3 Kc7 39. g4 hxg4 {The position is equal.} 40. hxg4 Nc5 41. Bxc5 dxc5 42. Kd3 Bb2 43. Ke4 Kd6 {Precision: White = 55%, Black = 48%.} 1/2-1/2

[Event "XII Americas Continental-ch 2017"]
[Site "Medellin"]
[Date "2017.06.18"]
[Round "12"]
[White "Fier, Alexandr"]
[Black "Ramirez, Alejandro"]
[Result "1-0"]
[WhiteElo "2576"]
[BlackElo "2552"]
[Annotator "TA"]
[PlyCount "73"]
[EventDate "2017.??.??"]
[EventType "swiss"]
[EventCountry "COL"]
[SourceTitle "playchess.com"]
[Source "ChessBase"]
[SourceQuality "1"]

{[%evp 15,72,17,24,23,20,11,27,0,0,0,0,0,27,0,0,-12,-12,-8,50,0,36,40,31,35,57,0,0,0,0,-11,-2,-26,-6,-15,8,-17,-14,-25,-18,-25,0,0,0,0,0,0,0,0,24,20,701,689,687,698,620,611,29976,29976,29999]} 1. e4 c5 2. Nf3 e6 3. d4 cxd4 4. Nxd4 Nc6 5. Nc3 Qc7 6. Be3 a6 7. Qf3 {B48: Sicilian: Taimanov: 5 Nc3 Qc7 6 Be3 a6 without Be2} d6 8. O-O-O Bd7 {LiveBook: 22 Games} 9. Nxc6 $146 {White has an edge.} ({Predecessor:} 9. Qg3 Nf6 10. f3 Rc8 11. Nxc6 Bxc6 12. Bd3 b5 13. Kb1 Nd7 14. Rhe1 Nc5 {1-0 (42) Lopez Martinez,J (2552)-Ivanisevic,I (2648) Sitges 2016}) 9... Bxc6 10. Bd3 Nf6 11. Qg3 b5 12. f3 g6 13. h4 Bg7 14. Kb1 (14. Be2 $5 {[%cal Rg3d6]}) 14... Rc8 (14... b4 $5 15. Ne2 $8 h5 $14) 15. Qf2 h5 16. Bd4 (16. Bb6 $5 {[%cal Rb6c7]} Qb7 17. a3 $11) 16... e5 (16... Qb7 $11) 17. Be3 Qb7 (17... b4 $5 {[%cal Rb4c3]} 18. Ne2 Bd7 $14) 18. Bg5 b4 19. Ne2 a5 20. Bxf6 ({White should try} 20. Bc4 $14) 20... Bxf6 $11 21. Bc4 Be7 22. Bd5 a4 23. Nc1 Bxd5 24. Rxd5 Rc6 25. g4 hxg4 26. fxg4 Qc8 27. g5 Bxg5 28. Rf1 $1 Bf4 29. Nd3 {[#]} b3 $1 {[%mdl 512]} 30. cxb3 (30. axb3 axb3) 30... axb3 31. axb3 Qg4 32. Nxf4 Qxf4 $4 {[%mdl 8192] [#]} (32... exf4 $11 33. Qxf4 Qxf4 34. Rxf4 Ke7) 33. Qe2 $1 $18 ({Not} 33. Qxf4 exf4 34. Rxf4 Ke7 $14) 33... Qxh4 {White must now prevent ...Qh2.} 34. Qb5 Qxe4+ 35. Ka2 Kd7 36. Qb7+ Ke6 37. Qxf7# {Precision: White = 52%, Black = 34%.} 1-0